| 000 | 00772nam a22001935i 4500 | ||
|---|---|---|---|
| 001 | 156445 | ||
| 003 | ES-MaACL | ||
| 005 | 20230906210418.0 | ||
| 008 | 040802s1895 fr |||| | fre d | ||
| 040 |
_aCAM _bspa _cCAM |
||
| 080 | _a929 Joubert, Joseph | ||
| 100 | 1 |
_aJoubert, Joseph. _9128363 |
|
| 245 | 1 | 0 |
_aCorrespondance de J. Joubert / _cprécédée d'une notice sur sa vie, son caractère et ses travaux par Paul de Raynal et de ses jugements littéraires de Sainte-Beuve, Sylvestre de Sacy, Saint-Marc Girardin, Géruzez et Poitou. |
| 250 | _a9éme éd. | ||
| 260 |
_aParis : _bPerrin et C., libraires-éditeurs, _c1895 ( _eLagny : _fEmile Colin) |
||
| 300 |
_a11, CXLIV, 282 p. ; _c19 cm. |
||
| 700 | 1 |
_aRaynal, Paul de. _9131631 |
|
| 852 |
_aES-MaACL _jG-3274 |
||
| 999 |
_c156445 _d156445 |
||